Loading...
| Literature - British | 0 | 7 | 0 | 0 | 70 | 71 | 99.14 | 0 | 2 | 0.00 | 0.00 |
| Literature - World | 0 | 6 | 0 | 0 | 60 | 102 | 117.50 | 0 | 0 | 0.00 | 0.00 |
| Fine Arts - Other | 0 | 4 | 0 | 1 | 40 | 98 | 115.50 | 1 | 1 | 0.00 | 0.00 |
| Literature - American | 0 | 4 | 1 | 0 | 35 | 99 | 117.50 | 0 | 0 | 0.00 | 0.00 |
| Literature - European | 0 | 3 | 0 | 0 | 30 | 89 | 98.67 | 0 | 0 | 0.00 | 0.00 |
| History - European | 0 | 1 | 0 | 1 | 10 | 126 | 126.00 | 0 | 0 | 0.00 | 0.00 |
| Mythology | 0 | 1 | 0 | 0 | 10 | 138 | 138.00 | 0 | 0 | 0.00 | 0.00 |
| Philosophy | 0 | 1 | 0 | 0 | 10 | 45 | 45.00 | 0 | 1 | 0.00 | 0.00 |
| Science - Other | 0 | 1 | 0 | 0 | 10 | 104 | 104.00 | 0 | 0 | 0.00 | 0.00 |
| Fine Arts - Painting and Sculpture | 0 | 1 | 1 | 0 | 5 | 109 | 109.00 | 0 | 0 | 0.00 | 0.00 |
| Science - Physics | 0 | 0 | 0 | 0 | 0 | 0.00 | 0 | 0 | 0.00 | 0.00 | |
| Social Science | 0 | 0 | 1 | 0 | -5 | 0.00 | 0 | 0 | 0.00 | 0.00 | |
| Science - Biology | 0 | 0 | 1 | 0 | -5 | 0.00 | 0 | 0 | 0.00 | 0.00 | |
| Current Events | 0 | 0 | 1 | 0 | -5 | 0.00 | 0 | 0 | 0.00 | 0.00 | |
| Popular Culture | 0 | 0 | 2 | 0 | -10 | 0.00 | 0 | 0 | 0.00 | 0.00 |